Online Catalogue and eLibrary

Once upon a time (Record no. 2982)

MARC details
000 -LEADER
fixed length control field 00528nam a2200169Ia 4500
005 - DATE AND TIME OF LATEST TRANSACTION
control field 20240808020919.0
008 - FIXED-LENGTH DATA ELEMENTS--GENERAL INFORMATION
fixed length control field 240331s9999 xx 000 0 und d
020 ## - INTERNATIONAL STANDARD BOOK NUMBER
ISBN 9552034760
082 ## - DDC Classification
Item Number - Author Mark KAR
Class No. 398
100 ## - MAIN ENTRY--PERSONAL NAME
Personal name Karunaratne, K.S
245 #0 - TITLE STATEMENT
Title Once upon a time
250 ## - EDITION STATEMENT
Edition statement 2nd
260 ## - PUBLICATION, DISTRIBUTION, ETC.
Place of publication, distribution, etc. Colombo
Name of publisher, distributor, etc. S. Godage & Brothers
300 ## - PHYSICAL DESCRIPTION
Extent (e.g. Volumes, Pages etc.) 102 p .,
500 ## - GENERAL NOTE
General note "Once Upon a Time" is a collection of folk tales carefully selected and passionately retold for the young and adolescent readers by R.S. Karunaratne.
942 ## - Koha item type (Biblio)
Koha item type Books in Stacks (Lending)
Holdings
Lost status Damaged status Collection code Home library Current library Shelving location Date acquired Full call number Accession Number Item type
    Lending WERC Library WERC Library Social Science Cupboard 03/31/2024 398 KAR 5457 Books in Stacks (Lending)

© WERC Library